• 首页
  • 本馆介绍
  • 公告通知
  • 最新文献
  • 馆藏检索
  • 电子资源
  • 读者导购
  • 参考咨询
  • 我的图书馆
  • 登录
  • 详细信息显示
  • 放入我的书架
  • 预约/预借图书
  • 作者相关作品
  • 分类相关作品
  • 丛书相关作品
  • 出版社相关作品

书目信息

  • 表格格式
  • 工作单格式
  • 卡片格式
题名:
读者文摘精华
    
 
作者: 谢玲 主编
分册:   致终将失去的青春
出版信息: 北京   北京工业大学出版社  2015
页数: 239页
开本: 23cm
丛书名:
单 册:
中图分类: Z89
科图分类:
主题词: 文摘--Wen Zhai--世界
电子资源:
ISBN: 978-7-5639-4378-4
000 00769nam0 2200229 450
001 1768834475
005 20161207151528.0
010    @a978-7-5639-4378-4@dCNY28.00
100    @a20150921d2015 em y0chiy50 ea
101 0  @achi
102    @aCN@b110000
105    @aa z 000yy
106    @ar
200 1  @a读者文摘精华@Adu zhe wen zhai jing hua@e青春版@i致终将失去的青春@f谢玲主编
210    @a北京@c北京工业大学出版社@d2015
215    @a239页@c图@d23cm
330    @a本书精选了N个有关青春的故事。全书分为四辑,分别为:“梦,丢在青春角落里”、“我们的爱情迷路了”、“你的天空已没有我的欢颜”和“有一种爱经不起等待”。
606 0  @a文摘@AWen Zhai@y世界
690    @aZ89@v5
701  0 @a谢玲@Axie ling@4主编
801  0 @aCN@b261080@c20151126
905    @aBZT@dZ89@e17
    
    读者文摘精华:青春版.致终将失去的青春/谢玲主编.-北京:北京工业大学出版社,2015
    239页:图;23cm
    
    
    ISBN 978-7-5639-4378-4:CNY28.00
    本书精选了N个有关青春的故事。全书分为四辑,分别为:“梦,丢在青春角落里”、“我们的爱情迷路了”、“你的天空已没有我的欢颜”和“有一种爱经不起等待”。
●
相关链接 在五车中查询图书 在当当中查询图书 在豆瓣中查询图书


正题名:读者文摘精华     索取号:Z89/17         预约/预借

序号 登录号 条形码 馆藏地/架位号 状态 备注
1 826676   2000826676   第二书库/ [索取号:Z89/17] 在馆    
2 826677   2000826677   第二书库/ [索取号:Z89/17] 在馆    
3 826678   2000826678   第二书库/ [索取号:Z89/17] 在馆    
山东省滨州职业学院图书馆 欢迎您!
大连网信软件有限公司© 版权所有